00291nam a2200121Ia 4500008004100000050001000041050001500051100002600066245002600092260002600118260000900144300001600153160319s9999 xx 000 0 und d a372.6 bD671h 2001 aDominguez, Leticia F. aHiyas ng Kayumanggi 2 bAbiva Pub. House Inc. c2001 a280 pages :